00583nam a22001697a 4500001000700000003000900007005001700016007000700033008004500040020001500085040002200100100002700122245012800149260007600277300003000353700003000383000441DO-SdBNP20160829154049.0000441160829b 1998 ck ||||| |||| 00| 0 spa d a9583005053 aBPMSUbspacBPMSU1 aLozano, Pilar, 41951-10aFrancisco Javier Cisneros :bel que comunicó con carriles las comarcas / cPilar Lozano ; ilustraciones Cristina Salazar. aSantafé de Bogotá (Colombia) : bColciencias. Panamericana, c1998. a100 p. : bil. ;c28 cm. 12aSalazar, Cristina, eil.